[Event "Turnier 40 / 120"]
[Site "Wien"]
[Date "2023.07.27"]
[Round "23"]
[White "Mephisto Atlanta SH 7034 - 20 MHZ"]
[Black "Mephisto Lyon 68020 - 12 MHZ"]
[Result "0-1"]
[BlackElo "2172"]
[WhiteElo "2191"]

{Analyse -----> Komodo 14.1.} 1. d4 d5 2. c4 dxc4 3. Nf3 a6 4. e3 Bg4 5.
Bxc4 e6 6. h3 Bh5 7. Nc3 Nf6 8. O-O c5 9. dxc5 {Buchende} Nc6 10. Na4
{Buchbewertung Mephisto Atlanta: +0,5} Nd7? {lt. Komodo ein schlechter
Buchzug !, deutlich besser ist Da5, hier steht Schwarz bereits ganz
schlecht, Komodo -1,30} 11. b3? {merkwürdig, auch diesen viel zu
zögerlichen Zug hat Lyon 68020 noch im Buch, obwohl er verspielt praktisch
den gesamten Vorteil, danach steht Weiss nur noch eine Nuance besser mit
ca. +0,20, richtig wäre b4 ! gewesen mit klarem Vorteil für Weiss} Nxc5
{Buchende} 12. Bb2 Nxa4 {Buchbewertung Mephisto Lyon 68020: +0,21 / lt.
Komodo steht wie gesagt Weiss um eine Nuance besser mit ca. +0,20} 13. bxa4
Qc7 {besser ist Le7, danach verbietet sich natürlich Lxg7 ? wegen Dxd1,
Tfxd1, Tg8 und Weiss verliert sofort eine Figur und die Partie, nach dem
Textzug ist Weiss etwas im Vorteil mit ca. +0,80} 14. Qe2 e5 15. Bd5 Bd6
16. Rac1 O-O 17. g4 Bg6 18. Nh4 Qb6 19. Nxg6 hxg6 20. Rc3 Nb4 21. Bb3 e4?
{klar vorzuziehen ist Tad8, Komodo -1,30} 22. Rd1? {ein schlechter Zug, der
den Vorteil von Weiss etwa halbiert, Komodo +0,70, nötig war Tc4} Be5
{besser ist Sd3, Komodo -1,00} 23. Rc4 Bxb2 24. Qxb2 Nd3 25. Qc3? {ein
schlechter Zug, der den Vorteil von Weiss halbiert, Komodo +0,50, deutlich
besser ist Dd4} Rae8 26. Rc7 Ne5? {deutlich vorzuziehen ist g5, Komodo
-1,00} 27. Bd5? {die falsche Figur, danach ist die Partie bereits Remis,
Komodo 0,00, deutlichen Vorteil versprach Td5 mit ca. +1,00, Fortsetzung
Sc6, Td7, Se5, Tc7 mit Stellungswiederholung und Remis} Nc6 28. Rd7 Ne5 29.
Rxb7?? {Ja, das ist leider der grosse Irrtum von Weiss, der hier glaubt
noch mehr als das Remis zu holen, dieser Bauernraub verbietet sich, danach
steht Schwarz bereits klar besser, Komodo -1,10} Qf6 30. Qc2 Nf3+ 31. Kf1
Ng5 32. Qe2 {noch die beste Verteidigung allerdings ist hier Weiss bereits
auf verlorenem Posten, Komodo -1,30} Nxh3? {ein schwacher Zug, aber
natürlich für einen Oldie nicht unverständlich es ist immerhin ein
sofortiger Bauerngewinn, verspielt aber praktisch den gesamten Vorteil,
danach ist die Stellung im Lot, Komodo 0,00, deutlichen Vorteil versprach
De5} 33. Kg2 Ng5 34. Bc4??? {ein absoluter Verlustzug, danach ist die
Partie klar verloren, Komodo -2,30, nötig war Tb4 mit Ausgleich} Nf3
{richtig} 35. Rh1 Qc6 {nicht optimal, aber völlig ausreichend, Komodo
+2,00, besser ist Td8} 36. Rbb1 Qd7 37. Kg3?? {danach geht es steil bergab,
der Bauer ist nicht zu retten, weit mehr Widerstand leistet noch Th3, hier
ist die Partie bereits hoffnungslos verloren, Komodo -3,50} a5?? {natürlich
ist aber zu beachten, dass die Kommentare immer aus Sicht von Komodo 14.1.
sind, ein ganz schlechter Zug, der den Grossteil des Vorteiles abgibt,
Komodo nur noch +0,80, sofort gewonnen hätte Te5 mit dem Plan Tg5 und der
G-Bauer ist verloren mit vernichtender Schachdrohung} 38. Rh3? {aber auch
Atlanta greift wieder völlig daneben, danach ist die Partie praktisch
wieder verloren, Komodo -1,70, nötig war entweder Lb3 oder Tb5, aber keine
dieser beiden Möglichkeiten nützt Atlanta} Ng5? {es bleibt eine schwierige
Partie für beide Geräte, auch das ist nicht optimal, das richtige Feld,
aber der falsche Spielstein, nötig war g5, Komodo +1,00} 39. Rh4? {besser
ist T3h1, Komodo -1,30} Qc7+ 40. Kg2 Nf3 41. Rh3 g5 42. Rh5??? {ein
absoluter Verlustzug, der bereits die Qualität und damit die Partie
verliert, nach der Forsetzung Sh4+ muss Schwarz bereits Txh4 spielen, Kh3
bringt nichts mehr wegen g6, der Turm ist nicht mehr zu retten, deutlich
mehr Widerstand leistet Lb3 mit ca. -1,30, Komodo -2,80} Nh4+! {diesmal
nützt Lyon 68020 die Chance, ab diesem Zeitpunkt kann man sich die
restlichen Kommentare schenken, hier ist alles erledigt} 43. Kh1 Re5 44. f4
Rc5 45. Ba6 Rc2 46. Qf1 g6 47. Rh6 Kg7 48. Rxh4 gxh4 {Rest geschenkt} 0-1
[/pgn]
[pgn]

[Event "Turnier 40 / 120"]
[Site "Wien"]
[Date "2023.07.27"]
[Round "24"]
[White "Mephisto Lyon 68020 - 12 MHZ"]
[Black "Mephisto Atlanta SH 7034 - 20 MHZ"]
[Result "1/2-1/2"]
[BlackElo "2191"]
[WhiteElo "2172"]

{Analyse ----> Komodo 14.1.} 1. e4 e5 2. Nf3 Nc6 3. Bb5 a6 4. Ba4 Nf6 5.
O-O Be7 6. Re1 b5 7. Bb3 O-O 8. c3 d6 9. h3 h6 {Buchende} 10. d3 {Buchende}
Bb7 {Buchbewertung Mephisto Atlanta: 0,0} 11. Nbd2 {Buchbewertung Mephisto
Lyon 68020: +0,39 / lt. Komodo ist die Stellung etwa gleich} a5? {ein
schwacher Zug, deutlich besser ist Sa5 und die Idee c5, nach dem Textzug
steht Weiss bereits klar besser, Komodo -0,80} 12. a4! b4 13. Nc4! {Lyon
68020 spielt stark und konsequent, natürlich strebt der Springer nach e3
und von dort nach f5} Re8 14. Ne3! {natürlich} Rb8 15. Qc2 Rf8? {schwach,
Komodo -1,10} 16. Nf5 {etwas verfrüht, besser wäre es für Weiss die
Entwicklung abzuschliessen mit zuvor Ld2, aber dass dieser Zug kommt ist
mehr als verständlich, sicher kein schlechter Zug, lt. Komodo allerdings
etwas schwächer als Ld2, +0,80} Bc8 17. Nxe7+ Qxe7 18. Bd2 {klar schwächer
als d4, halbiert den Vorteil von Weiss, Komodo +0,40} Ba6 19. Be3 Qd7 20.
Rec1 {weniger gut, etwas Vorteil versprach Tad1 mit ca. +0,60, nach dem
Textzug ist die Stellung im Lot, Komodo 0,00} bxc3 21. Qxc3 Nb4 22. Bc4
{besser ist Dxc7, Komodo -0,60} Bb7 {auch nicht ideal, besser ist Lxc4,
Komodo 0,00} 23. Bb5 {naja, auch nicht überragend} c6 24. Bc4 Qd8! {der
beste Zug lt. Komodo, das schreibe ich da es für mich nicht
selbstverständlich aussieht, stark !, Komodo +0,40, der tiefere Sinn darin
ist wohl den unangenehmen Springerausfall Sh4 zu verhindern, das geht nicht
mehr wegen Sxe4 !} 25. Bd2 d5? {ein schwacher Zug, danach steht Weiss klar
besser, Komodo -1,00, deutlich besser ist entweder c5 oder Lc8 mit
Ausgleich} 26. Ba2?? {ein ganz schlechter Zug, der die Vorzeichen wieder
umkehrt, nötig war die Fortsetzung exd5, cxd5, Lb5 und Weiss steht klar
besser, nach dem Textzug ist Schwarz wieder im Vorteil, Komodo -1,00} dxe4
27. Nxe5 exd3 28. f3 Qd6??? {ein grottenschlechter Zug, der die Vorzeichen
neuerlich umkehrt, einer der allerschlechtesten Züge, die überhaupt möglich
sind fast jede andere Fortsetzung bringt klaren Vorteil für Schwarz, La6,
Lc8, c5, Sfd5 um nur einige zu nennen und das sind bei weitem nicht alle,
praktisch der einzige Zug der Weiss in Vorteil bringt, Komodo -0,70} 29.
Qc5 Rbd8 30. Bb3 {nicht ideal, die Stellung ist wieder im Lot, Komodo 0,00,
besser ist Dxd6} Qxc5+??? {so aber nicht, ein Verlustzug, danach ist die
Partie bereits klar verloren, Komodo -1,50, nötig war Db8 mit Ausgleich}
31. Rxc5 Nd7 32. Rxa5 {besser ist Sxd7, aber auch nach dem Textzug bleibt
Weiss klar im Vorteil, Komodo +1,30} Nc2 33. Rd1 {besser ist Tc1, aber auch
nach dem Textzug bleibt Weiss immer noch klar im Vorteil, Komodo +1,00}
Nxe5 34. Rxe5 Ba6 35. Ra5 Ra8? {viel zu passiv, danach ist die Partie
wieder klar verloren, Komodo -1,50, deutlich besser ist Tb8 mit ca. -0,80,
aber man muss natürlich die Kommentare relativieren, diesen Weitblick der
Top-Engine kann kein Oldie haben für Lyon 68020 ist natürlich noch ein Weg
zu gehen bis zum Gewinn, erledigt ist das noch lange nicht hier.} 36. Bc3
{Lyon 68020 sieht naturgemäss auch erst geringen Vorteil: +0,24, der
Textzug ist aber auch nicht ideal, Komodo +0,70, deutlich besser ist Tc1,
aber wie gesagt, da kann noch einiges passieren hier.} Rfb8 {auch Atlanta
sieht sich nur hauchdünn im Nachteil: -0,1} 37. Ba2 Ne3 38. Rd2 Nc4 {nicht
optimal, besser ist Sd5, Komodo -1,00} 39. Rxa6! {wichtig, ganz schlecht
wäre natürlich der von Atlanta fälschlich vorgeschlagene Zug Lxc4, danach
ist die Partie Remis, Komodo +1,00} Nxd2 40. Rxa8 Rxa8 41. Bxd2 Rxa4 {Für
einen Oldie natürlich verständlich, allerdings ungenau, besser ist Tb8,
Komodo -1,40} 42. Bb3 Ra7 {mehr Widerstand leistet noch Ta1+, aber die
dafür nötige Rechentiefe ist einfach unerreichbar für einen Oldie, nach dem
Textzug ist jedenfalls alles erledigt aber nur lt. Komodo natürlich, Komodo
-1,70} 43. Bc4? {und so schnell kann es gehen, ein ganz schlechter Zug, der
den Gewinn enorm erschwert, danach ist Weiss nur noch knapp im Vorteil mit
ca. +0,50, nötig war Lc3} Ra4! {richtig und damit überrascht Atlanta seinen
Gegner, der hätte mit dem Verlustzug Te7 ?? gerechnet, danach wäre die
Partie klar verloren gewesen mit ca. -2,50 lt. Komodo} 44. b4 c5 45. Bxd3
{ungenau, danach ist die Partie bereits Remis, Komodo 0,00, besser ist noch
Kf2 mit ca. +0,40} cxb4 46. Bc4 Ra3! {richtig} 47. Kf1 b3 48. Bc3 Ra4 49.
Bd3 Ra3 50. Be4 g6 51. Bd5 Ra2 52. Be1 Ra3 53. Bc3 Ra2 54. Be1 Ra3 55. Bc3
{Stellungswiederholung} 1/2-1/2
[/pgn]
[pgn]

[Event "Turnier 40 / 120"]
[Site "Wien"]
[Date "2023.07.28"]
[Round "25"]
[White "Mephisto Atlanta SH 7034 - 20 MHZ"]
[Black "Mephisto Lyon 68020 - 12 MHZ"]
[Result "1-0"]
[BlackElo "2172"]
[WhiteElo "2191"]

{Analyse ----> Komodo 14.1.} 1. e4 c6 2. Nc3 d5 3. d4 dxe4 4. Nxe4 Nd7 5.
Bc4 Ngf6 6. Ng5 e6 7. Qe2 Nb6 8. Bb3 h6 9. N5f3 c5 10. Bf4 Nbd5 11. Be5
Qa5+ 12. Nd2 {Buchende} cxd4 13. Nf3 {Buchbewertung Mephisto Atlanta: 0,0}
Be7 14. O-O O-O {Buchende} 15. Nc4 {besser ist Sxd4} Qc5 {Buchbewertung
Mephisto Lyon 68020: -0,09 / lt. Komodo steht Weiss eine Nuance besser mit
ca. +0,30} 16. Rad1 {besser ist Lxd4, die Stellung ist im Lot} Bd7? {ein
schwacher Zug, danach steht Weiss besser, Komodo -0,80, deutlifch besser
ist b5 mit Ausgleich} 17. Bxd4 Qb5 18. Rfe1 Bc6 19. Nfe5 Nf4 {Hier sind
sich die Geräte nicht einig, Lyon 68020: +0,96 sieht hier den möglichen
Bauerngewinn, lt. Komodo steht jedoch Weiss etwas besser mit ca. +0,60} 20.
Qd2 {Mephisto Atlanta: 0,0} Nxg2 {Lyon 68020: +1,24} 21. a4 {das bringt
nichts, danach ist die Stellung im Lot, besser ist Sxc6 mit ca. +0,60} Qa6
{Lyon 68020 ändert seine Meinung: -0,57, zuvor hatte er noch den Verlustzug
seines Gegners Te2 erwartet, nun sieht er aber auch die richtige Antwort
Sxc6} 22. Nxc6 Qxc6 23. Ne5 Nxe1 24. Nxc6 Nf3+ 25. Kg2 Nh4+??? {ein
Verlustzug, unfassbar, warum um Gottes willen nicht Sxd2 ??, Komodo -1,80,
zur Verteidigung von Lyon 68020 sei noch gesagt, auch Mephisto Atlanta
hätte den gleichen Fehler gemacht, gut es herrscht materieller Gleichstand,
Weiss hat Turm + 2 Springer + Bauer für Dame + Läufer, was rein rechnerisch
beides 12 Punkte ergibt, aber strategisch war das ganz schlecht von
Schwarz} 26. Kh1? {ein schwacher Zug, besser steht der König auf f1, Komodo
+1,30} bxc6 27. Qc3? {ein schlechter Zug, der den Vorteil von Weiss
deutlich reduziert, Komodo +0,90, deutlich besser ist De2} c5 28. Be5 Rfd8?
{der falsche Turm, nötig ist Tad8, nach dem Textzug steht Weiss wieder klar
besser, Komodo +1,50} 29. Rg1! Ng6 30. Bxf6??? {ein grottenschlechter Zug,
der den Vorteil von Weiss halbiert, hier das Läuferpaar abzugeben für
diesen mikrigen Springer ist natürlich ganz schlecht, Komodo nur noch
+0,80, entscheidenden Vorteil hätte bereits Txg6 ! gebracht} Bxf6 31. Qxc5
Nh4 32. Qe3 Nf5 33. Qc1? {ein schlechter Zug, viel zu passiv, danach
verspielt Weiss endgültig den gesamten Vorteil, Komodo 0,00, deutlich
besser ist De4} Rab8 34. Rd1 Rxd1+? {weniger gut, danach ist Weiss im
Vorteil, Komodo -0,80 deutlich besser ist Tdc8 mit Ausgleich} 35. Qxd1 Nd4
36. Kg2 g5 37. Qd3 Nxb3 38. cxb3 Kg7 39. a5 Rb7 40. Qa6 {hier sind sich
nicht mal die Top-Engines einig, lt. Komodo 14.1. ist dies die beste
Fortsetzung mit +2,40, lt. Stockfish 15 führt das aber nur zum Remis und
seiner Meinung nach wäre h4 klar vorzuziehen gewesen.} Rd7 41. b4 Bxb2 42.
b5 {Komodo +2,20, Stockfish 15 sieht nur geringen Vorteil mit +0,50} Be5
{besser ist Ld4, denn nach b6, axb6, axb6 hätte der unglaubliche Zug Lxb6
!! in der Folge lt. Stockfish das Remis gesichert, danach hat Schwarz Turm
+ 2 Bauern für die Dame, was ja rein materiell ein Minus von 2 Bauern wäre,
aber diese geschlossene Bauernfront von Schwarz ist undurchdringbar, aber
gut das kann ein Oldie natürlich niemals wissen und das ist auch keine
Schande, denn nicht mal Komodo 14.1. weiss es, der würde nach dieser
Variante Weiss mit +2,60 im Vorteil sehen !!} 43. b6 axb6 44. axb6
{Mephisto Atlanta: +1,0 / merkwürdig, Komodo 14.1. sieht hier klaren
Vorteil für Weiss mit +2,20, lt. Stockfish 15 ist Weiss aber nur mit ca.
+0,50 im Vorteil, naja wie soll der Bauer auch verwertet werden, Schwarz
sichert ja problemlos das Feld b8 doppelt ab und Weiss hat ja nur mehr eine
Figur mit der Dame, also wie soll der Bauer reinkommen ?, einfach nicht zu
sehen, also hier enttäuscht mich Komodo etwas ehrlich gesagt} Rd6 {Mephisto
Lyon 68020 sieht die Stellung realistischer als Komodo: -0,51 !!! und das
ist richtig lt. Stockfish 15, Komodo -2,30 ?? völlig unverständlich} 45. h3
h5 46. Qb5 Rd5 47. Qe2 h4?? {nicht ideal, nach diesem Zug passt auch
Stockfish 15 seine Bewertung auf +2,00 an, deutlich besser ist Kh6, danach
wäre Stockfish noch bei nur +0,60 geblieben} 48. b7 Bb8 49. Qb2+ f6?? {ein
absoluter Verlustzug, danach ist die Partie klar verloren, Komodo -3,50,
deutlich mehr Widerstand leistet noch Kh7} 50. Qc3 Rd8 51. Qc8 Rf8 52. Qxe6
{also lt. Komodo ist die Stellung klar verloren, -4,30, aber ist es
wirklich so einfach den Bauern zu verwerten, Schwarz ist ja immer noch
doppelt auf b8 drauf, also für mich sieht das gar nichts so einfach aus,
das wird Atlanta schon noch beweisen müssen.} Bf4 53. Kf3 Rb8?? {verliert
forciert, danach ist spätestens alles aus, Komodo -9,00, deutlich mehr
Widerstand leistet noch f5 mit ca. -4,50} 54. Qd7+ Kg6 55. Ke4 f5+ 56.
Qxf5+ Kg7 57. Qc8 {Komodo +15,00} Kg6 58. Qe6+ Kg7 59. Qe7+ Kg6 60. Kd5 Rg8
61. Ke6 {Komodo Matt in 23} Kh6 62. Qf7 Rg6+ 63. Kf5 Rb6 {Matt in 13} 64.
b8=Q Bxb8 65. Qf8+ Kh7 {Mephisto Lyon 68020: -10,5 ----> aufgegeben !} 1-0
[/pgn]
[pgn]

[Event "Turnier 40 / 120"]
[Site "Wien"]
[Date "2023.07.28"]
[Round "26"]
[White "Mephisto Lyon 68020 - 12 MHZ"]
[Black "Mephisto Atlanta SH 7034 - 20 MHZ"]
[Result "1-0"]
[BlackElo "2191"]
[WhiteElo "2172"]

{Analyse -----> Komodo 14.1.} 1. e4 e5 2. Nf3 Nf6 3. Nxe5 d6 4. Nf3 Nxe4 5.
d4 d5 6. Bd3 Be7 7. O-O Nc6 8. c4 {Buchende} Nb4 {Buchende} 9. cxd5
{Buchbewertung Mephisto Lyon 68020: -0,09} Nxd3 {Buchbewertung Mephisto
Atlanta: -0,5 / lt. Komodo ist die Stellung etwa gleich} 10. Qxd3 Nd6??
{völlig unverständlich, warum nicht Dxd5 ??, danach steht Weiss bereits
klar besser, Komodo -1,20} 11. Bf4 O-O 12. Re1 Re8 13. Nbd2 Bg4 14. Rac1 a6
15. h3 Bf5? {deutlich zu bevorzugen ist Lh5, Komodo -1,30} 16. Qb3 Rb8 17.
Nf1 Bd7 {besser wäre die Idee h6, um den Läufer ein Rückzugsfeld auf h7 zu
schaffen, der Textzug verschlechtert weiter die Lage für Schwarz, Komodo
-1,50} 18. Ng3 Bb5? {sinnlos, wird doch sofort angegriffen, besser ist noch
Lf8} 19. a4 {na überrascht ?} Bd7 20. Qc2 Rc8 21. Re3? {klar zu bevorzugen
ist Se5, Komodo +0,80} c6! 22. Qb3 b5?? {ein Verlustzug, Atlanta verwirft
im letzten Moment den richtigen Zug cxd5 wegen einer Bewertungsdifferenz
von -0,1 (er bewertet den Textzug nur mit -0,3, während er cxd5 noch mit
-0,4 sah), Komodo -1,60, damit ist die Partie bereits verloren, aber
natürlich nur lt. Top-Engine, Lyon 68020 wird es natürlich noch beweisen
müssen} 23. axb5! {der richtige Zug, aber erstaunlicherweise geht Lyon
68020 nach dem Textzug noch runter mit seiner Bewertung, ist gleicher
Meinung wie Atlanta und findet den besser als cxd5 (da sah er sich noch mit
+0,81 im Vorteil), nach dem jetzigen Zug sieht er sich nur noch mit +0,60
im Vorteil, naja man muss wohl noch abwarten, Lyon 68020 ist ja kein
Komodo} axb5 24. dxc6 {nun doch ein Quantensprung von Lyon 68020: +1,09}
Bxc6 25. Bxd6 Bxd6 26. Nf5? {ein schwacher Zug, der den Vorteil von Weiss
deutlich reduziert, Komodo +1,00, klar zu bevorzugen ist Se5} Bf4??? {und
wieder verwirft Atlanta im allerletzten Augenblick den Rettungsanker Txe3,
danach wäre noch Kampf möglich gewesen, der Textzug ist ein absoluter
Horror, danach ist die Partie sofort verloren, Komodo -4,00 !!! (Lyon 68020
hätte den gleichen Fehler gemacht, aber davon hat Atlanta auch nichts)} 27.
Rxe8+ Qxe8 28. Re1 Be4 29. Qa3? {bei weitem nicht optimal, aber völlig
ausreichend, Komodo +2,80, deutlich stärker war aber Db4} Rc7?? {völlig
daneben, begräbt alle Chancen von Schwarz, nötig war Kh8, Komodo -4,50} 30.
Nd6 Bxd6 31. Qxd6 Re7 32. Nd2? {klar schwächer als d5, aber völlig
ausreichend, hier gewinnt bereits jede annähernd plausible Fortsetzung,
Komodo +3,30} f5 33. Qc5! {der beste Zug} Qd8 34. b4 h6 35. Nxe4 fxe4 36.
d5 {hier ist alles erledigt, den Rest braucht man nicht mehr zu
kommentieren, es sei denn Lyon 68020 macht noch einen Megabock, Komodo
+3,50} Qd7 37. Rc1 Re5 38. Qc8+?? {das ist ganz schlecht und halbiert etwa
den Vorteil von Weiss, allerdings sollten keine weiteren Fehler folgen
sollte auch das noch reichen, aber in jedem Fall erschwert es ordentlich
den Gewinn, Komodo +1,80, nötig war Td1} Qxc8 39. Rxc8+ Kf7 40. Rc5 Kf6 41.
Rxb5 Re7??? {ein absoluter Verlustzug, danach ist alles aus, Komodo -6,00,
nötig war e3 mit ca. -2,00} 42. Kf1??? {erschwert den Gewinn enorm, Komodo
nur noch +1,50 für Weiss, allerdings schätzt er das offensichtlich auch
falsch ein, denn Stockfish sieht es immer noch mit +6,00 für Weiss} Ke5 43.
Ke2 Rc7 {Komodo sieht hier nur einen Vorteil von +1,70 mit der Fortsetzung
Kd2, lt. Stockfish 15 gewinnt hier bereits d6 !! mit +7,00, da sieht man
wieder selbst für Top-Engines sind Turmendspiele nicht so einfach, LOL,
eigentlich versagt hier auch Komodo wieder wie in der Vorrunde.} 44. Kd2
Rc4 45. h4 Rd4+ 46. Kc3 Rd3+ 47. Kc2 Rxd5??? {gut das braucht man nicht
mehr zu diskutieren, Userentscheid: 1-0} 1-0
[/pgn]
[pgn]